01212nam a2200265Ia 4500001000500000003000500005008004100010010001100051020001800062040000900080082001300089100002900102245020900131260003600340300001700376500007400393503025900467504003800726650002000764650002000784700004200804700003300846700004100879700002600920Z_17CHAP220113s9999 xx 000 0 und d a162983 a968-451-540-5 cCHAP a576 P45e1 aPelczar, Michael J., Jr. aElementos de microbiología /cMichael J. Pelczar Jr. y E. L. S. Chan; colaboración Mera Foss Pelczar; traducción Julio Rodríguez Villanueva... [et al]; Revisión técnica Carlos Hardisson Romeu aMéxico :bMcGraw-Hill,c  aviii, 745 p. aTraducción de la obra en inglés: Elements of microviology de 1981 aej.1: 126656 \ ej.2: 138285 (reposición ej.3, mismo título y año) \ ej.3: 138287 \ ej.4: 138288 \ ej.5: reposición del título: Young, Genevive Gray. Witton´s microbiología. 1961. CECSA, 774 p. ej.1 (adq. 2571 inv.?)\ ej.6: 138286 \ ej.7: s/n aIncluye bibliografía e índice aMicrobiología aMicroorganismos a Hardisson Romeu, Carlos, rev. téc. a Pelczar, Mera Foss, colab.  a Rodríguez Villanueva, Julio, tr.  aChan, E. L. S., aut.